| 000 | 00624nam a2200217 a 4500 | ||
|---|---|---|---|
| 001 | 12312 | ||
| 003 | CO-ViMGA | ||
| 008 | 141112s2004 ck r 000 u spa d | ||
| 040 |
_aCO-ViMGA _bspa _cCO-ViMGA |
||
| 082 | 0 | 4 | _a616.89 W65i |
| 100 | 1 |
_aWolff, Werner _917568 |
|
| 245 | 1 | 0 | _aIntroducción a la Psicopatología |
| 250 | _a1 | ||
| 260 |
_aMexico : _bFondo de Cultura Economica, _c1953 |
||
| 300 | _a427p. | ||
| 490 | _aFondo de Cultura Economica | ||
| 590 | _aForma de adquisición : Donación - - Proveedor : Dr. Rafael Salamanca | ||
| 650 | 1 | 4 |
_aPSICOPATOLOGIA _92815 |
| 650 | 1 | 4 | _aPSIQUIATRIA |
| 942 |
_2ddc _cBK |
||
| 999 |
_c23323 _d23323 |
||